| 000 | 01251cam a22003137a 4500 | ||
|---|---|---|---|
| 090 | _c0 | ||
| 001 | 13805362 | ||
| 005 | 20060728203248.0 | ||
| 008 | 041203s2001 enka b 001 0 eng d | ||
| 010 | _a 2004351964 | ||
| 020 | _a0849397871 | ||
| 035 | _a(OCoLC)ocm48669216 | ||
| 040 |
_aORE _cORE _dUAT _dAGL _dDLC |
||
| 042 | _alccopycat | ||
| 050 | 0 | 0 |
_aTS198.C3 _bT88 2001 |
| 072 | 0 | _aX600 | |
| 082 | 0 | 0 |
_a688.8 _222 _bTUR |
| 100 | 1 | _aTurner, T. A. | |
| 245 | 1 | 0 |
_aCanmaking for can fillers / _cT.A. Turner. |
| 260 |
_aSheffield, England : _bSheffield Academic Press ; _bCRC Press, _cc2001. |
||
| 300 |
_axii, 404 p. : _bill. (some col.) ; _c25 cm. |
||
| 440 | 0 | _aSheffield packaging technology | |
| 504 | _aIncludes bibliographical references and index. | ||
| 650 | 0 |
_aMetal containers _xDesign and construction. |
|
| 856 | 4 | 2 |
_3Publisher description _uhttp://www.loc.gov/catdir/enhancements/fy0646/2004351964-d.html |
| 942 |
_2ddc _cBB |
||
| 999 |
_c10705 _d10705 |
||